Southville International School and Colleges
Your cart is empty.
  • Cart
  • Lists
    Public lists Eva Luna New books Lux_list list_1
    Your lists Log in to create your own lists
  • Log in to your account
  • Your cookies
  • Search history
Southville International School and Colleges
  • Advanced search
  • Recent comments
  • Most popular
  • Libraries

Log in to your account

Log in with GOOGLE


If you do not have an external account, but do have a local account, you can still log in:

  1. Home
  2. MARC view: The gamesman /
Normal view MARC view ISBD view

The gamesman / (Record no. 21405)

[ view plain ]
MARC details
000 -LEADER
fixed length control field 00408nam a2200157 a 4500
005 - DATE AND TIME OF LATEST TRANSACTION
control field 20140310183321.0
008 - FIXED-LENGTH DATA ELEMENTS--GENERAL INFORMATION
fixed length control field 060308s19uu xx 00 eng d
020 ## - INTERNATIONAL STANDARD BOOK NUMBER
International Standard Book Number 0553049895
050 ## - LIBRARY OF CONGRESS CALL NUMBER
Classification number PZ 7
Item number .M129 1978
100 ## - MAIN ENTRY--PERSONAL NAME
Personal name Maccoby, Michael
245 ## - TITLE STATEMENT
Title The gamesman /
Statement of responsibility, etc Michael Maccoby.
260 ## - PUBLICATION, DISTRIBUTION, ETC. (IMPRINT)
Place of publication, distribution, etc New York :
Name of publisher, distributor, etc Bantam Books,
Date of publication, distribution, etc 1978.
300 ## - PHYSICAL DESCRIPTION
Extent 302 p. :
Dimensions 17 cm.
942 ## - ADDED ENTRY ELEMENTS (KOHA)
Koha item type Books
Source of classification or shelving scheme Library of Congress Classification
Holdings
Withdrawn status Lost status Source of classification or shelving scheme Damaged status Home library Current library Shelving location Date acquired Total Checkouts Full call number Barcode Date last seen Copy number Price effective from Koha item type
    Library of Congress Classification   College Library College Library Fiction Section 11/19/2013   PZ 7 .M129 1978 C6886 05/08/2018 1 10/10/2013 Books

The gamesman /

APA

Maccoby M., . (1978). The gamesman. New York: Bantam Books.

Chicago

Maccoby Michael, . 1978. The gamesman. New York: Bantam Books.

Harvard

Maccoby M., . (1978). The gamesman. New York: Bantam Books.

MLA

Maccoby Michael, . The gamesman. New York: Bantam Books. 1978.

  • Place hold
  • Print
  • Cite
  • Add to your cart (remove)
  • Save record
    BIBTEX Dublin Core MARCXML MARC (non-Unicode/MARC-8) MARC (Unicode/UTF-8) MARC (Unicode/UTF-8, Standard) MODS (XML) RIS
  • More searches
    Search for this title in:
    Other Libraries (WorldCat) Other Databases (Google Scholar) Online Stores (Bookfinder.com) Open Library (openlibrary.org)

Exporting to Dublin Core...

SOUTHVILLE LIBRARY

Southville International School and Colleges Library

1281 Tropical Ave. Cor. Luxembourg St., BF Homes International, Las Pinas City

Tel. No. 8256374 / 252358 Loc. 117/146

Powered by Koha